| 000 | 00645 a2200169 4500 | ||
|---|---|---|---|
| 003 | Nust | ||
| 005 | 20230525125437.0 | ||
| 040 | _cNust | ||
| 082 | _a004.16,MAI | ||
| 100 |
_aMaisel, Herbert _9112228 |
||
| 245 |
_aIntroduction to Electronic Digital Computers / _cHerbert Maisel and Donald L. Wright |
||
| 260 |
_aNew York _bMcGraw-Hill _c1969 |
||
| 300 | _a395 p. | ||
| 505 | _aThe Cultural Impact and History of Computers (Page-3), Fundamentals (Page-24), Computer Applications (Page-125), The Fortran IV and PL/1 Programming Languages (Page-176), The IBM Systesm/360 (Page-318). | ||
| 650 |
_aDigital computers _9112611 |
||
| 942 |
_2ddc _cBKB |
||
| 999 |
_c193297 _d193297 |
||